Introduction to system analysis (Record no. 7291)

000 -LEADER
fixed length control field 00582nam a2200217 a 4500
001 - CONTROL NUMBER
control field 7291
003 - CONTROL NUMBER IDENTIFIER
control field BD-DhUET
008 - FIXED-LENGTH DATA ELEMENTS--GENERAL INFORMATION
fixed length control field 840426s1985 nyua b 001 0 eng
020 ## - INTERNATIONAL STANDARD BOOK NUMBER
International Standard Book Number 0070233918
040 ## - CATALOGING SOURCE
Original cataloging agency DLC
Transcribing agency DLC
Modifying agency BD-DhUET
082 00 - DEWEY DECIMAL CLASSIFICATION NUMBER
Classification number 623.192
Item number GLI/1985
100 1# - MAIN ENTRY--PERSONAL NAME
Personal name Glisson, T. H.
245 10 - TITLE STATEMENT
Title Introduction to system analysis
Statement of responsibility, etc. by T.H. Glisson
250 ## - EDITION STATEMENT
Edition statement 1st ed.
260 ## - PUBLICATION, DISTRIBUTION, ETC. (IMPRINT)
Place of publication, distribution, etc. New York
Name of publisher, distributor, etc. McGraw-Hill
Date of publication, distribution, etc. 1985
300 ## - PHYSICAL DESCRIPTION
Extent xv, 700 p.
Other physical details ill.
Dimensions 24 cm.
504 ## - BIBLIOGRAPHY, ETC. NOTE
Bibliography, etc Includes bibliographies
650 #0 - SUBJECT ADDED ENTRY--TOPICAL TERM
Topical term or geographic name as entry element Electric network analysis
650 #0 - SUBJECT ADDED ENTRY--TOPICAL TERM
Topical term or geographic name as entry element System analysis
942 ## - ADDED ENTRY ELEMENTS (KOHA)
Koha item type General Book
Holdings
Date acquired Source of classification or shelving scheme Copy number Koha item type Price effective from Sublocation or collection (holding branch) Location (home branch) Koha date last borrowed Koha issues (times borrowed) Damaged status Withdrawn status Koha normalized classification for sorting Koha full call number Koha date last seen Not for loan Lost status Shelving location Piece designation (barcode)
2014-12-08 1General Book2014-12-08Central Library, BUETCentral Library, BUET    623_192000000000000_GLI_1985623.192/GLI/19852014-12-08  Circulation section79816
2014-12-08 2General Book2014-12-08Central Library, BUETCentral Library, BUET    623_192000000000000_GLI_1985623.192/GLI/19852014-12-08  Circulation section78540
2014-12-08 3General Book2014-12-08Central Library, BUETCentral Library, BUET    623_192000000000000_GLI_1985623.192/GLI/19852014-12-08  Circulation section79819
2014-12-08 4General Book2014-12-08Central Library, BUETCentral Library, BUET    623_192000000000000_GLI_1985623.192/GLI/19852014-12-08  Circulation section78527
2014-12-08 5General Book2014-12-08Central Library, BUETCentral Library, BUET    623_192000000000000_GLI_1985623.192/GLI/19852014-12-08  Circulation section76889
2014-12-08 6General Book2014-12-08Central Library, BUETCentral Library, BUET2023-11-141  623_192000000000000_GLI_1985623.192/GLI/19852023-11-14  Circulation section76888
2014-12-08 7General Book2014-12-08Central Library, BUETCentral Library, BUET    623_192000000000000_GLI_1985623.192/GLI/19852014-12-08  Circulation section79820
2014-12-08 8General Book2014-12-08Central Library, BUETCentral Library, BUET    623_192000000000000_GLI_1985623.192/GLI/19852014-12-08  Circulation section79818
2014-12-08 9General Book2014-12-08Central Library, BUETCentral Library, BUET    623_192000000000000_GLI_1985623.192/GLI/19852014-12-08  Circulation section79817